000 00908cam a2200265 a 4500
001 3564046
005 20170105102424.0
008 980106s1998 cau 001 0 eng
010 _a 98084006
020 _a0782121241
040 _aDLC
_cDLC
_dDLC
050 0 0 _aQA76.76.O63
_bE978 1998
082 0 0 _a005.4/469
_221
100 1 _aEzzell, Ben.
245 1 0 _aWindows 98 developer's handbook
_cBen Ezzell, with Jim Blaney.
260 _aSan Francisco :
_bSybex,
_cc1998.
300 _axxxv, 1323 p. ;
_c24 cm. +
_e1 computer laser optical disc (4 3/4 in.)
500 _aIncludes index.
630 0 0 _aMicrosoft Windows (Computer file)
650 0 _aOperating systems (Computers)
700 1 _aBlaney, Jim.
906 _a7
_bcbc
_corignew
_d2
_eopcn
_f19
_gy-gencatlg
942 _2ddc
_cBK
999 _c13599
_d13599